THE MANAGEMENT OF INFORMATION FROM ARCHIVES (Record no. 215967)

MARC details
000 -LEADER
fixed length control field 00752nam a22001817a 4500
008 - FIXED-LENGTH DATA ELEMENTS--GENERAL INFORMATION
fixed length control field 250728b |||||||| |||| 00| 0 eng d
020 ## - INTERNATIONAL STANDARD BOOK NUMBER
International Standard Book Number 0-566-07993-3
050 ## - LIBRARY OF CONGRESS CALL NUMBER
Classification number CD971 .C66 1999
100 ## - MAIN ENTRY--PERSONAL NAME
Personal name COOK, MICHAEL
245 ## - TITLE STATEMENT
Title THE MANAGEMENT OF INFORMATION FROM ARCHIVES
250 ## - EDITION STATEMENT
Edition statement 2
260 ## - PUBLICATION, DISTRIBUTION, ETC.
Place of publication, distribution, etc. BROOKFIELD, VT.
Name of publisher, distributor, etc. GOWER, ALDERSHOT, HAMPSHIRE, ENGLAND
Date of publication, distribution, etc. 1999
300 ## - PHYSICAL DESCRIPTION
Extent XIV, 271 P. : ILL.
500 ## - GENERAL NOTE
General note INCLUDES BIBLIOGRAPHICAL REFERENCES AND INDEX
650 ## - SUBJECT ADDED ENTRY
Topical term or geographic name entry element 1. INFORMATION STORAGE AND RETRIEVAL SYSTEMS--ARCHIVAL MATERIALS 2. CATALOGING OF ARCHIVAL MATERIALS--DATA PROCESSING 3. ARCHIVAL MATERIALS--DATA PROCESSING 4. ARCHIVES--AUTOMATION--MANAGEMENT 5. ARCHIVES--ADMINISTRATION
942 ## - ADDED ENTRY ELEMENTS (KOHA)
Source of classification or shelving scheme Library of Congress Classification
Koha item type Long Loan Book
Holdings
Withdrawn status Lost status Source of classification or shelving scheme Damaged status Not for loan Collection Home library Current library Shelving location Date acquired Inventory number Total checkouts Full call number Barcode Date last seen Copy number Price effective from Koha item type
    Library of Congress Classification     Arts & Social Sciences Kisii University Library Kisii University Library On Display 07/28/2025 109349   CD971 .C66 1999 000000024449 07/28/2025 5 07/28/2025 Long Loan Book
    Library of Congress Classification     Arts & Social Sciences Kisii University Library Kisii University Library On Display 07/28/2025 109345   CD971 .C66 1999 000000024448 07/28/2025 1 07/28/2025 Long Loan Book
    Library of Congress Classification     Arts & Social Sciences Kisii University Library Kisii University Library On Display 07/28/2025 109346   CD971 .C66 1999 000000024447 07/28/2025 2 07/28/2025 Long Loan Book
    Library of Congress Classification     Arts & Social Sciences Kisii University Library Kisii University Library On Display 07/28/2025 109347   CD971 .C66 1999 000000024446 07/28/2025 3 07/28/2025 Long Loan Book
    Library of Congress Classification     Arts & Social Sciences Kisii University Library Kisii University Library On Display 07/28/2025 109348   CD971 .C66 1999 000000024445 07/28/2025 4 07/28/2025 Long Loan Book